000 00609nam a2200193Ia 4500
003 GCL
008 140319s9999 xx 000 0 ara d
040 _aGCL /
_cGCL
082 0 4 _a657
_bع ك
100 1 _aعبدالعزيز فهمى هيكل
245 1 0 _aالكمبيوتر واصول المحاسبة /
_cعبدالعزيز فهمى هيكل
260 _a[S.N] :
_bدار الراتب الجامعية ،
_c1986
300 _a237 ص
490 _a
650 0 4 _aالمحاسبة الالية
650 0 4 _aالحاسبات الالكترونية
650 0 4 _aالمحاسبة
942 _2ddc
_cBK
999 _c53155
_d53155